01986nas a22002537a 4500999001700000005001700017007001500034008004100049022001400090040000900104082001500113210000800128245009400136260004700230300001600277310001500293365001600308500124800324650005101572651001601623655002001639856004101659942003201700 c40796d4079620200515102251.0cz aa aaaaaaaa200425b b||poo||j| 00| 0 eng d a2454-3365 cOCLC a420bJOU/E aTLH aThe Literary HeraldbAn International Refereed English e-Journalhe-Journal (Open Access) aChitrakoot, MP, INDIAbThe Literary Herald aPDF(online) aBi-Monthly eOpen Access aThe Literary Herald – an international, refereed / peer-reviewed, impact factor, low fee, fast-review, open-access e-journal of English language and literature, is published Bi-monthly (August, October, December, February, April, June). It publishes original, authentic, scholarly and unpublished research articles, essays, short stories, poetry, book reviews, translations, and interviews received from scholars/ faculty/ researchers/ writers and professors the world over through e-mail attachments on English language and literature. The journal is open to International English Literature, Post-colonial Literature, New Literature, English Language Teaching, Commonwealth Literature, Indian Writing in English, Applied Linguistics and TEFL, and Literatures written in English. The journal seeks to promote interpretative critical analysis and in-depth insights into established and new literatures, and thereby generate an academically serious and healthy debate in the literary circles. It also supports literary contributions in the form of original as well as translated poetry and fiction. Being international, it welcomes research articles/papers from outside India also; being refereed it follows a strict double-blind peer-revie 0aLanguagevEnglish & Old EnglishxEnglish92316 092254aIndia 092257ae-Journal uhttps://www.tlhjournal.com/index.php 2ddccEJh420k420mJOU/Es1